000 01416nkm0a2200325 4500
001 RU\NLR\DIGIT\121585
005 20260628142753.0
035 _a(NLR Aleph) 010172098
090 _a13738637
_c13738637
100 _a20121029d1938 m y0rusy50 ca
101 0 _arus
102 _aRU
135 _acrcn 024aaada
200 1 _aЗавоеватели Арктики - в Ленинграде. Товарищи И.Д. Папанин, П.П. Ширшов, Э.Т. Кренкель и Е.К. Федоров на борту ледокола "Ермак"
_e[открытка]
_fФото Халипа
210 _aЛенинград
_cЛ.О. "Союзфото"
_d1938
215 _cФото
_d10 х 14,3 см
325 _aКопия доступна в Электрон. б-ке РНБ http://vivaldi.nlr.ru/lo000020010/view
610 0 _aОткрытки
700 1 _aХалип
_bЯ. Н.
_f1908 - 1980
_gЯков Николаевич
801 2 _aRU
_bNLR
_c20121029
_2rusmarc
852 _aNLR
_jЭ ОП/П170
_pЭот9284
856 0 _uhttp://vivaldi.nlr.ru/lo000020010/view
856 1 _uhttp://vivaldi.nlr.ru/lo000020010/cover
856 2 _uhttp://vivaldi.nlr.ru/lo000020010/text
942 _cVISUAL
980 _aNB
981 4 0 _a(40) Баренц-регион
981 1 7 _a(17) Изографические материалы
_b(17) Арктика